Celebrities with Jay Leno Quiz Stats

 Plays Quiz Updated Jan 13, 2015

Challenge
Share
Tweet
Score 0/20 Timer 05:00
2 Plays Today
% Correct
Kermit the Frog
97.4%
Barack Obama
96.1%
George Bush
95.6%
Jim Carrey
93.2%
Michael Jordan
91.1%
Britney Spears
89.2%
Billy Crystal
86.7%
Conan O'Brien
84.7%
Johnny Carson
83.9%
Angie Harmon & Jason Sehorn
82%
% Correct
Hugh Grant
78.2%
Jimmy Fallon
77.9%
Arnold Schwarzenegger
75.7%
Richard Simmons
75.6%
Ellen Degeneres
73.9%
Katie Couric
66.7%
Paul Newman
56.2%
Heidi Klum
53.3%
Ed McMahon
51.4%
Jeremy Piven
34.4%

You're not logged in!

Compare scores with friends on all Sporcle quizzes.
Join for Free
OR
Log In

You Might Also Like...

Show Comments

Extras

Top Quizzes Today


Score Distribution

Your Account Isn't Verified!

In order to create a playlist on Sporcle, you need to verify the email address you used during registration. Go to your Sporcle Settings to finish the process.

Report this User

Report this user for behavior that violates our Community Guidelines.

Details: